Normal view
MARC view
- Rogers, Richard George
Entry Personal Name
001 - CONTROL NUMBER
- control field: 37533
003 - CONTROL NUMBER IDENTIFIER
- control field: OSt
005 - DATE AND TIME OF LATEST TRANSACTION
- control field: 20150330101513.0
008 - FIXED-LENGTH DATA ELEMENTS
- fixed length control field: 150330|| aca||aabn | a|a d
040 ## - CATALOGING SOURCE
- Original cataloging agency: OSt
100 1# - HEADING--PERSONAL NAME
- Personal name: Rogers, Richard George
400 1# - SEE FROM TRACING--PERSONAL NAME
- Control subfield: nne
- Personal name: Rogers, Richard,
- Dates associated with a name: 1933-